000 00314nam a22001337a 4500
008 190206b xxu||||| |||| 00| 0 eng d
020 _a0939765543
041 _aeng
080 _a510
100 _a38
101 _aMAT
245 _aContemporary Precalculus through applications
_cBarrett,G.B
942 _2udc
_cBK
999 _c54087
_d54087